000 00625nam a22001817a 4500
005 20160727101631.0
010 _aENG-115545
020 _a9780199465439
_c550.00
035 _aEN-99077
037 _bDBAD/PUB
082 _a306.8095411
100 _aBarnes J.A.
245 _aFamily and kinship :
_b a study of the Pandits of rural Kashmir /
_cby T.N. Madan ; with a foreword by J.A. Barnes.
260 _aNew Delhi
_bOxford University Press
_c2016
270 _aYMCA Library Building,1 Jaisingh Road
_bNew Delhi
_e110001
300 _axI,326p. :
_bill.(maps)
_c22cm
942 _2ddc
_cEN
_h306.8095411
_mMAD
999 _c101495
_d101495